000
00235nam a22001217a 4500
001
1915
003
OSt
005
20260407140345.0
008
260407b |||||||| |||| 00| 0 eng d
040
_c
pqr
245
_a
qwe
942
_2
ddc
_c
BK
_n
0
999
_c
1915
_d
1915